| 000 | 00629nam a2200169Ia 4500 | ||
|---|---|---|---|
| 008 | 090711s9999 xx 000 0 und d | ||
| 082 | _b16594 | ||
| 100 | _aराजवाडे वि. का. | ||
| 245 | _aमराठी साहित्य दर्शन (पुष्प 15) | ||
| 260 | _c1964 | ||
| 300 | _a156 | ||
| 600 | _aराजवाडे वि. का. | ||
| 630 | _aमराठी साहित्य दर्शन (पुष्प 15) | ||
| 700 | _aराजवाडे वि. का. | ||
| 730 | _aमराठी साहित्य दर्शन (पुष्प 15) | ||
| 942 | _cBOOK | ||
| 999 |
_c315377 _d315377 |
||